eHealth – efektívny nástroj riadenia zdravotnej starostlivosti

Informatizácia v zdravotníctve ako základný trend, ktorý ovplyvňuje zdravotníctvo a jednotlivé zariadenia poskytujúce zdravotnú starostlivosť. Analýza implementácie systému ezdravie v slovenských nemocniciach. Základným cieľom elektronizácie zdravotníctva je zvýšiť kvalitu poskytovanej zdravotnej st...

ver descrição completa

Na minha lista:
Detalhes bibliográficos
Autor principal: Švejdová, Natália, 1993-
Formato: Capítulo de Livro
Idioma:eslovaco
Assuntos:
Tags: Adicionar Tag
Sem tags, seja o primeiro a adicionar uma tag!

MARC

LEADER 00000naa$a2200000$$$4500
001 0269452
005 20240502074225.6
041 0 |a slo 
044 |a SK 
245 1 0 |a eHealth – efektívny nástroj riadenia zdravotnej starostlivosti 
520 |a Informatizácia v zdravotníctve ako základný trend, ktorý ovplyvňuje zdravotníctvo a jednotlivé zariadenia poskytujúce zdravotnú starostlivosť. Analýza implementácie systému ezdravie v slovenských nemocniciach. Základným cieľom elektronizácie zdravotníctva je zvýšiť kvalitu poskytovanej zdravotnej starostlivosti. Národné centrum zdravotníckych informácií. eHealth ako súčasť informačnej sústavy zdravotníctva. Prínosy eHealth. Hrozby a nedostatky eHealth. 
610 2 0 |a zdravotníctvo 
610 2 0 |a sústava informačná 
610 2 0 |a zdravie 
610 2 0 |a starostlivosť zdravotná 
610 2 0 |a nemocnice 
610 2 0 |a informatizácia 
610 2 0 |a Slovensko 
100 1 |a Švejdová, Natália, 1993-